Tennis - Joueurs Par Images #2 - Statistiques

Statistiques générales
  • Ce quiz a été pris 1 004 fois
  • Le résultat moyen est 13 sur 20
Statistiques - réponses
Par images Réponse % Correct
Benoît Paire
97%
Jannik Sinner
97%
Alexander Zverev
96%
Holger Rune
86%
Taylor Fritz
85%
Andy Murray
81%
Karen Khachanov
73%
Hugo Gaston
71%
Arthur Rinderknech
60%
Hubert Hurkacz
60%
Sebastian Korda
60%
Alejandro Davidovich Fokina
58%
Cameron Norrie
58%
Tommy Paul
57%
Sebastian Baez
54%
Jordan Thompson
45%
Christopher Eubanks
44%
Nicolas Jarry
35%
Sebastian Ofner
35%
Nuno Borges
18%
Aucun quiz correspondant
Distribution des résultats
% des personnes avec chaque résultat
Percentile par nombre de réponses
Votre historique - résultats
Vous n’avez pas pris ce quiz